[Event "SVK-ch U16"]
[Site "Tatralandia"]
[Date "2024.04.12"]
[Round "9"]
[White "Kluska, Lukas"]
[Black "Bado, Samuel"]
[Result "1/2-1/2"]
[WhiteElo "1619"]
[BlackElo "1556"]
[PlyCount "61"]
[EventDate "2024.04.05"]
[EventType "swiss"]
[EventRounds "9"]
[EventCountry "SVK"]
[SourceTitle "CB16_2024"]
[SourceDate "2024.04.17"]
[SourceVersion "1"]
[SourceVersionDate "2024.04.17"]
[SourceQuality "1"]

1. c4 e5 2. Nc3 Nf6 3. Nf3 Nc6 4. e3 Be7 5. Be2 0-0 6. 0-0 d6 7. d4 exd4 8. exd4 d5 9. cxd5 Nxd5 10. Nxd5 Qxd5 11. Be3 Bf5 12. a3 Rfe8 13. Rc1 b5 14. a4 a6 15. h3 Be4 16. Bd3 Bxd3 17. Qxd3 h6 18. Qc3 Nb4 19. Qxc7 Bd8 20. Qg3 Re6 21. Rc5 Qb7 22. Rd1 Nd5 23. Rd3 Nxe3 24. Rxe3 Rxe3 25. fxe3 Rc8 26. Rxc8 Qxc8 27. axb5 axb5 28. Qe1 Bb6 29. Qc3 Qxc3 30. bxc3 f6 31. Kf2 1/2-1/2

[Event "SVK-ch U16"]
[Site "Tatralandia"]
[Date "2024.04.08"]
[Round "5"]
[White "Valach, Alexander"]
[Black "Bado, Samuel"]
[Result "1/2-1/2"]
[WhiteElo "1000"]
[BlackElo "1556"]
[PlyCount "83"]
[EventDate "2024.04.05"]
[EventType "swiss"]
[EventRounds "9"]
[EventCountry "SVK"]
[SourceTitle "CB16_2024"]
[SourceDate "2024.04.17"]
[SourceVersion "1"]
[SourceVersionDate "2024.04.17"]
[SourceQuality "1"]

1. e4 e5 2. Nf3 Nc6 3. Bc4 Bc5 4. 0-0 Nf6 5. Nc3 0-0 6. d3 d6 7. Bg5 Be6 8. Nd5 Bxd5 9. Bxd5 h6 10. Bh4 Qd7 11. Bxf6 gxf6 12. Nh4 Ne7 13. Kh1 c6 14. Bb3 d5 15. exd5 cxd5 16. f4 Ng6 17. Nxg6 fxg6 18. fxe5 fxe5 19. c3 Rxf1+ 20. Qxf1 Rf8 21. Qe2 Qf7 22. h3 Qe6 23. d4 Bd6 24. Rf1 Rxf1+ 25. Qxf1 exd4 26. cxd4 Kg7 27. Qd1 Bc7 28. Kg1 Bb6 29. Qd2 Qe5 30. Kf1 Bxd4 31. Qb4 Qf4+ 32. Ke2 Qe3+ 33. Kd1 Qd3+ 34. Qd2 Qxd2+ 35. Kxd2 Bxb2 36. Bxd5 b6 37. Kc2 Bd4 38. Kd3 Bc5 39. Kc4 Kf6 40. Kb5 a5 41. a4 Ke5 42. Bf3 1/2-1/2